000 01158nam0a22002771 4500
001 rc\391166
005 20260407123147.0
035 _a(NLR Aleph) 005641012
090 _a6668981
_c6668981
100 _a20030616d1989 |||y0rusy50 ca
101 0 _arus
102 _aRU
105 _ay |||||||||
200 1 _aОСОБЕННОСТИ изобретательской работы в системе АПК
_e[Метод. рекомендации]
_fО-во "Знание" УССР, [РДЭНТП
_gПодгот. В.Г. Третьяковой]
210 _aКиев
_cО-во "Знание" УССР
_cРДЭНТП
_d1989
215 _a16 с.
_d21
225 1 _aВ помощь лектору и специалисту
320 _aБиблиогр.: с. 16
702 1 _4570
_7ca
_8rus
_aТретьякова
_bВ. Г.
_cканд. юрид. наук
_gВиктория Григорьевна
_92652605
_3RU\NLR\AUTH\770280638
712 0 2 _a"Знание", общество УССР
_cКиев
_9418265
_3RU\NLR\AUTH\889960976
801 0 _aRU
_bNLR
_gpsbo
801 1 _aRU
_bELAR
_2rusmarc
852 _aNLR
_j89-4/14835
942 _cBOOK
980 _aNB